书目信息 |
| 书名: | Mainline | |
| 作者: | L. G. Alexander. | |
| 分册号: | ||
| 分册名: | 出版地: | London : |
|
| 出版社: | Longman | |
| 出版时间: | c1973. | |
| 页数: | v. | |
| 开本: | ||
| 丛书名: | ||
| 中图分类号: | ||
| 科图分类号: | ||
| 其他分类号: | H31 | |
| 主题词: | ||
| 电子资源: | ||
| 000 | 00543nam 22001937a 4500 | |
| 001 | E0752796109 | |
| 005 | 20070226144644.46 | |
| 008 | 030411s1973 enka b 000 0 eng d | |
| 020 | @a0582519462. | |
| 020 | @a0582519470. | |
| 040 | @aNUL@cNUL | |
| 090 | @aJ688.4/W119.3.2 | |
| 090 | @aH31 | |
| 099 | @dH31@ex111:2(1) | |
| 100 | 1 | @aAlexander, L. G. |
| 245 | 10 | @aMainline :@bprogress : students' book / @cL. G. Alexander. |
| 260 | @aLondon :@bLongman,@cc1973. | |
| 300 | @av. | |
| 650 | 0 | @aEnglish language@xTextbooks for foreign speakers |
| Mainline : : progress : students' book / / L. G. Alexander.-London : : Longman, , c1973. |
| v. |
| ISBN 0582519462. |
| ● |
| 相关链接 |
|
|
|
|
正题名:Mainline
索取号:H31/x111:2(1)
 
预约/预借
| 序号 | 登录号 | 条形码 | 馆藏地/架位号 | 状态 | 备注 |
| 1 | 124918 | 001159034 | 密集书库/ [索取号:H31/x111:2(1)] | 在馆 | |
| 2 | 124919 | 001159016 | 密集书库/ [索取号:H31/x111:2(1)] | 在馆 | |
| 3 | 124920 | 001159007 | 密集书库/ [索取号:H31/x111:2(1)] | 在馆 | |
| 4 | 78740 | 001159061 | 密集书库/ [索取号:H31/x111:2(1)] | 在馆 | |
| 5 | 78741 | 001159070 | 密集书库/ [索取号:H31/x111:2(1)] | 在馆 | |
| 6 | 78742 | 001159089 | 第四借阅区/ [索取号:H31/x111:2(1)] | 在馆 | |
| 7 | 78743 | 001159098 | 第四借阅区/ [索取号:H31/x111:2(1)] | 在馆 | |
| 8 | 78744 | 001159025 | 密集书库/ [索取号:H31/x111:2(1)] | 在馆 | |
| 9 | 78745 | 001159114 | 密集书库/ [索取号:H31/x111:2(1)] | 在馆 | |
| 10 | 78746 | 001159123 | 密集书库/ [索取号:H31/x111:2(1)] | 在馆 | |
| 11 | 78747 | 001159052 | 密集书库/ [索取号:H31/x111:2(1)] | 在馆 | |
| 12 | 78748 | 001159105 | 第四借阅区/ [索取号:H31/x111:2(1)] | 在馆 | |
| 13 | 78749 | 001159043 | 第二样本阅览室/ [索取号:H31/x111:2(1)] | 在馆 | |
| 14 | 79307 | 001158268 | 密集书库/ [索取号:H31/x111:2(1)] | 在馆 | |
| 15 | 79308 | 001158277 | 密集书库/ [索取号:H31/x111:2(1)] | 在馆 | |
| 16 | 79309 | 001158295 | 密集书库/ [索取号:H31/x111:2(1)] | 在馆 | |
| 17 | 79311 | 001158286 | 密集书库/ [索取号:H31/x111:2(1)] | 在馆 | |
| 18 | 79312 | 001158320 | 密集书库/ [索取号:H31/x111:2(1)] | 在馆 | |
| 19 | 79313 | 001158339 | 密集书库/ [索取号:H31/x111:2(1)] | 在馆 | |
| 20 | 79314 | 001159203 | 密集书库/ [索取号:H31/x111:2(1)] | 在馆 | |
| 21 | 79315 | 001158259 | 密集书库/ [索取号:H31/x111:2(1)] | 在馆 | |
| 22 | 79316 | 001158302 | 密集书库/ [索取号:H31/x111:2(1)] | 在馆 | |
| 23 | 79317 | 001158311 | 密集书库/ [索取号:H31/x111:2(1)] | 在馆 | |
| 24 | 79318 | 300793185 | 密集书库/ [索取号:H31/x111:2(1)] | 在馆 | |
| 25 | 79319 | 300793194 | 密集书库/ [索取号:H31/x111:2(1)] | 在馆 | |
| 26 | 79320 | 300793201 | 密集书库/ [索取号:H31/x111:2(1)] | 在馆 | |
| 27 | 79321 | 001159196 | 密集书库/ [索取号:H31/x111:2(1)] | 在馆 |